000 00507nam a2200193Ia 4500
005 20250508154737.0
008 008 250505s9999 xx 000 0 eng d
037 _aTextual
040 _aFEDL
_beng
_cFEDL
041 _aeng
_2eng
084 _a511, PET
_qFEDL
100 _aPeterson John A
_9765987
245 0 _aTheory of arithmetic
250 _a2nd
260 _aNew York, USA
_bJohn Wiley and Sons
_c1963
300 _a337p.
942 _cTEXL
_h511, PET
999 _c1351927
_d1351927